Fr. Conceicao Rodrigues College of Engineering

Modeling and control of vehicular and robotic systems (Record no. 28456)

MARC details
000 -LEADER
fixed length control field 00354nam a2200157Ia 4500
082 ## - DEWEY DECIMAL CLASSIFICATION NUMBER
Classification number .
Item number KUM
100 ## - MAIN ENTRY--PERSONAL NAME
Personal name Kumarawadu/Sisil
245 ## - TITLE STATEMENT
Title Modeling and control of vehicular and robotic systems
260 ## - PUBLICATION, DISTRIBUTION, ETC.
Name of publisher, distributor, etc. Narosa
Date of publication, distribution, etc. 2009
366 ## - TRADE AVAILABILITY INFORMATION
Publishers's discount category 20
300 ## - PHYSICAL DESCRIPTION
Extent 159
546 ## - LANGUAGE NOTE
Language note ENGLISH
-- Info.Tech
650 ## - SUBJECT ADDED ENTRY--TOPICAL TERM
Topical term or geographic name entry element Modeling
654 ## - SUBJECT ADDED ENTRY--FACETED TOPICAL TERMS
Focus term modeling
942 ## - ADDED ENTRY ELEMENTS (KOHA)
Koha item type BOOK
Holdings
Withdrawn status Lost status Damaged status Not for loan Collection Home library Current library Date acquired Source of acquisition Cost, normal purchase price Inventory number Total Checkouts Full call number Barcode Date last seen Cost, replacement price Price effective from Koha item type
        CRC Fr. Agnel's C.Rodrigues College of Engineering Fr. Agnel's C.Rodrigues College of Engineering 17/03/2023 Narosa Book Distributors 168.00 264 dt 22/05/2013   . KUM 22697 17/03/2023 210.00   BOOK